000 00266 a2200085 4500
020 _a9781797226828
100 _aEllen Lupton
245 _aThinking with Type: A Critical Guide for Designers, Writers, Editors, and Students
260 _bPrinceton Architectural Press
_c2024
999 _c13257
_d13257